| 000 | 00564nam a2200181 i 4500 | ||
|---|---|---|---|
| 001 | 79318 | ||
| 003 | ES-MaACL | ||
| 005 | 20251110063221.0 | ||
| 007 | t| | ||
| 008 | 041020s1920 xxu ||||1| spa d | ||
| 100 |
_aHenríquez Ureña, Pedro, _d1884-1946 _9176516 |
||
| 245 | 1 | 0 |
_aTablas cronológicas de la literatura española / _cpor Pedro Enríquez Ureña. |
| 260 |
_aNew York : _bD.C. Heath & Co., _c[1920] |
||
| 300 |
_aV, 73 p. ; _c21 cm. |
||
| 650 | 0 | 7 |
_aLiteratura española _2embne _914539 |
| 852 |
_aES-MaACL _jB-3080 |
||
| 999 |
_c79318 _d79318 |
||